000 00290nam a2200109Ia 4500
008 200302s9999 xx 000 0 und d
100 _aAntoine Picon
245 _aDigital culture in architecture an the design professions
260 _bBirkhauser Verlag Gmbh
260 _c2010
300 _a223
999 _c6215
_d6215